000 00607nam a2200217 i 4500
001 C2-0323719
003 PPAK
005 20180728122230.0
008 131112s2006 xx |||| ||||| | chi d
040 _aPPAK
_beng
_cPPAK
_erda
082 0 4 _a297.2
_223
090 0 0 _a297.2
_bYIS
_dG
245 0 0 _aYi si lan (ha tuo li) :
_bzhi jie shi
264 1 _bDepartment of Islamic Development Malaysia (JAKIM) ,
_c2006
300 _ax, 33 pages ;
_c21 cm
336 _2rdacontent
_atext
337 _2rdamedia
_aunmediated
338 _2rdacarrier
_avolume
650 1 0 _aReligious life - Islam.
942 _ddc
_cB
999 _c123749
_d123749